| 000 -LEADER |
| fixed length control field |
00551nam a22001817a 4500 |
| 003 - CONTROL NUMBER IDENTIFIER |
| control field |
OkBaRHE |
| 005 - DATE AND TIME OF LATEST TRANSACTION |
| control field |
20110330131806.0 |
| 008 - FIXED-LENGTH DATA ELEMENTS--GENERAL INFORMATION |
| fixed length control field |
110330t xxu||||| |||| 00| 0 eng d |
| 040 ## - CATALOGING SOURCE |
| Transcribing agency |
|
| 050 ## - LIBRARY OF CONGRESS CALL NUMBER |
| Classification number |
BS 531 |
| Item number |
.W9 |
| 100 ## - MAIN ENTRY--PERSONAL NAME |
| Relator code |
Wyngaarden, Martin J. |
| 245 ## - TITLE STATEMENT |
| Title |
The glory of christ and other biblical studies. |
| 260 ## - PUBLICATION, DISTRIBUTION, ETC. (IMPRINT) |
| Place of publication, distribution, etc |
Grand Rapids, MI |
| Name of publisher, distributor, etc |
Baker Book House |
| Date of publication, distribution, etc |
1969 |
| 300 ## - PHYSICAL DESCRIPTION |
| Extent |
96 p. |
| Dimensions |
22 cm. |
| 650 ## - SUBJECT ADDED ENTRY--TOPICAL TERM |
| Topical term or geographic name as entry element |
Bible. |
| 9 (RLIN) |
906 |
| 942 ## - ADDED ENTRY ELEMENTS (KOHA) |
| Source of classification or shelving scheme |
|
| Koha item type |
Books |